|
|
|
|
| LEADER |
01268nam a2200289 a 4500 |
| 001 |
014844201 |
| 008 |
110728s2006 bg a g b 000 0 eng d |
| 020 |
|
|
|a 9848295070 (pbk.)
|
| 040 |
|
|
|a IiNdDKA
|b eng
|c IiNdDKA
|d Uk
|d BD-DhAAL
|
| 042 |
|
|
|a ukblderived
|
| 043 |
|
|
|a a-bg---
|
| 082 |
0 |
4 |
|a 323.095492
|2 22
|
| 245 |
0 |
0 |
|a Human rights and governance :
|b training manual /
|c editor, Mizanur Rahman ; prepared by Empowerment through Law of the Common People ; commissioned by Manusher Jonno Foundation.
|
| 260 |
|
|
|a Dhaka, Bangladesh :
|b Manusher Jonno Foundation,
|c 2006.
|
| 300 |
|
|
|a xi, 438 p. :
|b ill. (chiefly col.) ;
|c 29 cm.
|
| 500 |
|
|
|a Contributed articles.
|
| 504 |
|
|
|a Includes bibliographical references.
|
| 541 |
|
|
|e 00023283
|
| 650 |
|
0 |
|a Human rights
|z Bangladesh.
|
| 650 |
|
0 |
|a Civil rights
|z Bangladesh.
|
| 650 |
|
0 |
|a Human rights workers
|x Training of.
|
| 700 |
1 |
|
|a Rahman, Mizanur,
|d 1956-
|
| 710 |
2 |
|
|a Empowerment Through Law of the Common People (Project)
|
| 710 |
2 |
|
|a Mānushera Janya (Organization)
|
| 852 |
1 |
|
|a Ayesha Abed Library
|c General Shelf.
|
| 999 |
|
|
|c 11150
|d 11150
|
| 952 |
|
|
|0 0
|1 0
|2 ddc
|4 0
|6 323_095492000000000_HUM
|7 0
|9 17660
|a BRACUL
|b BRACUL
|c GEN
|d 2011-07-28
|l 3
|m 9
|o 323.095492 HUM
|p 3010023283
|r 2019-12-12
|s 2019-10-17
|t 1
|w 2011-07-28
|y BK
|